000 00901nam a2200229Ia 4500
008 130821s2000 xxca gr eng
020 _a920715982
040 _aCo-BoUCM
_bspa
041 0 0 _aeng
100 1 _aMintzberg, Henry
_928064
245 1 0 _aManaging publicly
_cHenry Mintzberg y Jacques Bourgault
260 _aToronto (Ontario, Canadá)
_bThe Institute of Public Administration of Canada
_c2000
300 _avii, 177 páginas
_bilustraciones, cuadros, tablas
490 0 _aMonographs on Canadian public administration
_v25
504 _aIncluye bibliografía e índice general.
650 0 4 _aAdministración pública
_9355
650 0 4 _aGobernabilidad
_916470
710 2 _aCanadian Centre for Management Developmen
_970058
710 2 _aThe Institute of Public Administration of Canada
_970059
942 _a16
_e1
_kR
_mM667m
_cLIBRO
_2DEWEY
_h350
999 _c66665
_d66665